[Event "Athens Acropolis"]
[Site "Athens"]
[Date "2003.09.02"]
[Round "9"]
[White "Atalik, Suat"]
[Black "Mastrovasilis, Athanasios"]
[Result "1-0"]
[WhiteElo "2599"]
[BlackElo "2499"]
[Annotator "Atalik,S"]
[PlyCount "115"]
[EventDate "2003.08.25"]
[EventType "tourn"]
[EventRounds "9"]
[EventCountry "GRE"]
[EventCategory "12"]
[SourceTitle "CBM 097"]
[Source "ChessBase"]
[SourceDate "2003.11.11"]
[SourceVersion "1"]
[SourceVersionDate "2003.11.11"]
[SourceQuality "1"]

{Playing one brother after another is a funny case for the schedule of the
tournament. Besides the guy had to make a draw to score his GM norm or even
the title.} 1. d4 Nf6 2. c4 e6 3. Nf3 d5 4. Nc3 Nbd7 5. cxd5 exd5 6. Bf4 c6 7.
h3 $5 Ne4 $1 {This is the critical one.} (7... Bb4 8. Qb3 Qa5 9. Bd2 $1 $36 {
was seen in the above mentioned game.}) (7... Nb6 $5 {Yermolinsky-Graf,
Tashkent 1987.}) 8. Nxe4 dxe4 9. Nd2 Nf6 10. e3 Be6 $1 $146 {A good novelty
which made me to sit there and think what to do against this drawmeister who
already offered me a draw even two days ago.} (10... Nd5 11. Be5 $14 {is seen
a lot of times.}) 11. g3 $5 {Actually this move looks cool.} (11. a3 $142 $13 {
is a sober move keeping the options open.}) (11. Bc4 $2 Bxc4 12. Nxc4 Bb4+ 13.
Ke2 Nd5 14. Bg3 O-O $32) 11... Nd5 {He wanted to get rid of Bg5 and seriously
threatens my Bishop!} 12. h4 f5 (12... Qb6 {does not deliver much.} 13. Qc2)
13. Be5 Qd7 {First timid move absolutely in the style of this Greek.} (13...
Bd6 $142 $1 14. Bxd6 (14. Bxg7 Nxe3 $1 15. fxe3 Bxg3+ 16. Ke2 Bf7 $19 (16...
Rg8 17. Be5 f4 $19)) 14... Qxd6 15. Bc4 $11) 14. a3 Nb6 {He prepares Bd6 with
all the possible(!) precautions.} (14... Bd6 15. Nc4 Bxe5 16. Nxe5 Qe7 $11) 15.
Rc1 Bd6 16. Bxd6 Qxd6 {Here due to some interesting factors I even decided to
offer a draw and see more of Athens which is a city I have been 1000 times!}
17. Nc4 {Back to the board, I could not have done it!} Nxc4 $6 {I do not like
this. I knew that he would go for one of this seemingly equal but infact
dangerous position.} (17... Qe7 $13) (17... Bxc4 18. Bxc4 O-O-O $13 {keeps
options open for both sides.}) 18. Bxc4 O-O-O 19. Qb3 Rhe8 20. h5 Kb8 21. Bxe6
Qxe6 (21... Rxe6 22. Rc5 Rf8 23. Qa4 Rh6 24. b4 a6 25. Qa5 Qd7 26. Re5 g6 27.
Qc5 Rf7 28. a4 $16) 22. Qxe6 Rxe6 23. Ke2 Rd5 24. b4 a5 25. Rc5 $14 {Here
white is simply better in this double rook ending.} axb4 26. axb4 b6 27. Rxd5
cxd5 28. b5 $16 {After his hasty play which was based on the motto of
"Exchange as much as you can" led to a very rotten rook ending for him.} Re7
29. Kf1 $3 {I am very proud of this move. I wanna throw in g4 in the right
moment, also wanna use the fact that his king can not appoach more because the
hole on c6 would make me to use my rook on the other side of the board.} Rc7 {
The correct decision he should not lose time with winning my b pawn instead he
should aim to occupy the second rankand bring his king up.} (29... Ra7 $2 30.
Kg2 Ra5 31. h6 g6 32. Rc1 $1 (32. Kh3 $2 Rxb5 33. Kh4 Rb2 34. Rf1 Rc2 35. Kg5
Kb7 $17) 32... Rxb5 33. Rc6 Ra5 34. Rxg6 $1 b5 35. Rg8+ Kc7 36. Rg7+ Kc6 37.
Rxh7 Ra8 38. Rf7 Rh8 (38... b4 39. Rf6+ Kb5 40. Rxf5 Kc4 41. Rh5 $18 {g and h
pawns will decide the game.}) 39. Rf6+ Kc7 40. Rxf5 Rxh6 41. Rxd5 b4 42. Ra5
Rb6 43. f3 b3 44. Ra1 b2 45. Rb1 exf3+ 46. Kxf3 $18) 30. Kg2 Rc2 31. Rh4 $5 {
Here I have unnecessarily complicated the matters.} (31. g4 $1 {would win
easily.} fxg4 32. Rh4 Rc7 {What else?} 33. Rxg4 Rd7 34. Rg5 Kc7 35. Re5 Kd6 36.
Re8 Rb7 37. Rc8 (37. Rh8 g6 38. h6 Ke6) 37... Kd7 38. Rc6 Rb8 39. Kg3 Rb7 40.
Kf4 $18) (31. h6 $6 {does not give the desired result.} g6 32. g4 fxg4 33. Rh4
Kc7 34. Rxg4 Kd7 35. Rg5 Kd6 36. Re5 Rc8 $11) 31... Kc7 $1 {He should not lose
any tempi but bring his king up.} (31... Rb2 $2 32. Rf4 g6 33. g4 Kc7 34. h6 $1
$18 (34. gxf5 $2 g5 35. f6 gxf4 36. f7 fxe3 $19)) 32. Rf4 g6 33. g4 Kd6 $1 34.
hxg6 (34. gxf5 $2 g5 35. Rg4 h6 36. Kg3 Re2 37. f4 Rxe3+ 38. Kg2 gxf4 39. Rxf4
Ke7 40. f6+ Kf7 41. Rf5 Rb3 42. Rxd5 Kxf6 $11) 34... hxg6 35. g5 {I was
counting on this possibility since his king will be forced to travel to the
eight and mine will land on the 6th ranks respectively.} Ke6 36. Rh4 Rb2 37.
Kg3 (37. Rh6 $2 f4 38. Rxg6+ Kf5 39. Rf6+ Kxg5 40. Rxf4 Rxb5 $11) 37... Rxb5
38. Rh6 ({Unfortunately g6 does not fall at once.} 38. Rh7 $2 Rb1) 38... Kf7
39. Rh7+ Kg8 40. Rd7 Kf8 $138 {Draw offer} 41. Kf4 {The guy is worse, is low
on the clock and still offers a draw. Where do we play in a Charity Foundation
or what?} Rb2 42. Ke5 Rxf2 43. Kf6 Ke8 44. Rxd5 f4 45. exf4 Rxf4+ 46. Kxg6 e3
$8 {The smoke clears and the result is still in the boundaries of a draw.} 47.
Re5+ Kd7 $8 {The right side.} (47... Kf8 $2 48. d5 Rd4 49. Kf6 $18) 48. Rxe3
Rxd4 49. Rg3 $4 {This is really stupid and once againI have lost the track in
a R+P vs R+P ending. When will I start playing these endings in a flowless
fashion?} (49. Re5 $1 {We all know that when the pawn is on the 6th and the
king is behind the 6th he can not support his pawn easily since he would lose
a lot of tempi to go around.} Rd1 (49... Kc6 50. Kf6 b5 51. g6 Kb6 52. g7 Rd8
53. Rg5 Rg8 (53... Ka5 54. g8=Q Rxg8 55. Rxg8 b4 56. Ke5 b3 57. Kd4 $18) 54.
Kf7 Rxg7+ 55. Rxg7 Kc5 (55... b4 56. Rg5) 56. Ke6 b4 57. Ke5 (57. Rg5+ $4 Kc4
58. Rg4+ Kc5 $11) 57... Kc4 58. Ke4 $1 (58. Rc7+ $4 Kd3 $11) 58... Kc3 59. Ke3
b3 60. Rc7+ Kb2 61. Kd2 Ka2 62. Kc3 b2 63. Ra7+ Kb1 64. Rb7 Ka1 65. Kc2 $18) (
49... Kd6 50. Rf5 $18) 50. Rf5 $1 Kc6 (50... Rh1 51. Kf6 (51. Kg7 Rh5 52. Rf7+
Kc6 53. g6 b5 54. Kf6 Rh1 55. g7 Rf1+) 51... Rh5 52. Rf1 Rh8 (52... Ke8 53. Rb1
$18) (52... b5 53. g6 Rh2 54. g7 Rg2 55. Rf5 $18) (52... Rh2 53. g6 Rg2 54. g7
b5 55. Rf5 $18) 53. Kg7 Rh2 54. g6 Kc6 55. Rf5 $1 b5 56. Kf7 Kb6 57. g7 Rh7 58.
Kf8 Rxg7 59. Kxg7 Ka5 60. Kf6 Kb4 61. Ke5 Kc4 62. Rf8 b4 63. Ke4 $1 Kc3 64. Ke3
b3 65. Rc8+ Kb2 66. Kd2 Ka2 67. Kc3 b2 68. Ra8+ Kb1 69. Kb3 Kc1 70. Rc8+ Kb1
71. Rh8 Ka1 72. Ra8+ Kb1 73. Ra2 $18) 51. Kf7 Rd7+ 52. Kg8 Rd6 53. Kh7 Rd7+ 54.
Kh6 b5 55. g6 Kb6 56. g7 Rd8 57. Rf8 Rd1 58. g8=Q Rh1+ 59. Kg6 Rg1+ 60. Kf5 $18
) 49... Ke6 $4 {The move shows the quality of todays chess and chessplayers!} (
{He had an easy draw with throwing the king to the right side.} 49... Kc6 50.
Kf7 Rf4+ 51. Kg8 (51. Ke6 Re4+ 52. Kf5 Re8 53. g6 b5 54. g7 Rg8 55. Kf6 Kc5 56.
Rh3 (56. Kf7 Rxg7+ 57. Kxg7 b4 $11) 56... b4 57. Rh8 Rxg7 58. Kxg7 b3 $11)
51... b5 52. g6 Kc5 $1 {Just in time.} 53. g7 b4 54. Kh7 Rf7 55. Kg6 Rxg7+ 56.
Kxg7 Kc4 $11) 50. Rb3 $1 $18 {The assesment changes after every move. Now
white is winning once again!} Rd6 51. Kh7 Rd7+ 52. Kh6 Rd6 (52... Rb7 53. g6
Kd6 54. g7 Rxg7 55. Kxg7 Kc5 56. Kf6 b5 57. Ke5 Kc4 58. Rb1 b4 59. Ke4 Kc3 60.
Ke3 b3 61. Rc1+ Kb4 62. Kd3 b2 63. Rb1 Kb3 64. Kd2 Ka2 65. Kc2 $18) 53. g6 Kd7
(53... Kf5 54. Kh7 $18) 54. Kh7 {This is winning but I could have also used
the leitmotif of this type of ending.} (54. Rb5 Kc6 55. Rf5 b5 56. Kh7 Kb6 57.
g7 Rd7 58. Kh8 Rxg7 59. Kxg7 Ka5 60. Kf6 Kb4 61. Ke5 Kc4 (61... Kc3 62. Kd5 $18
) 62. Rf4+ Kc3 63. Kd5 $18) 54... Kc6 55. g7 Rd7 56. Rf3 $4 {I have almost
succeded to produce a grandmaster out of him.} (56. Rc3+ {is the most normal
continuation.} Kb5 57. Kh8 Rd8+ 58. g8=Q Rxg8+ 59. Kxg8 Kb4 (59... Ka4 60. Kf7
b5 61. Ke6 b4 62. Rc8 b3 63. Kd5 b2 64. Kc4 (64. Rb8 Ka3 65. Kc4 Ka2 66. Ra8+
Kb1 67. Kb3 Kc1 68. Rc8+ Kb1 69. Rc7 Ka1 70. Ra7+ Kb1 71. Ra2 $18)) 60. Rc8 b5
61. Kf7 Ka3 62. Ke6 b4 63. Kd5 b3 64. Kc4 $18) (56. Kh8 $2 {This makes a draw
because of the disadvantageous position of the rook.} Rd8+ 57. g8=Q Rxg8+ 58.
Kxg8 b5 59. Kf7 Kc5 60. Ke6 Kc4 61. Rb1 b4 62. Ke5 Kc3 63. Ke4 b3 64. Ke3 Kc2
$11) 56... b5 $4 (56... Kc5 $1 {is the move!} 57. Rc3+ (57. Kg6 Rxg7+ 58. Kxg7
b5) 57... Kd4 $1 (57... Kb4 $2 58. Rc8 {Now the position of the rook is
adjusted.} b5 59. Kg6 Rd6+ 60. Kf7 Rd7+ 61. Kf6 Rxg7 62. Kxg7 Ka3 63. Kf6 b4
64. Ke5 b3 65. Kd4 b2 66. Kc3 $1 b1=N+ 67. Kc2 $18) 58. Rb3 Kc5 59. Rb1 b5 60.
Rc1+ Kb4 61. Kh8 Rxg7 62. Kxg7 $11) 57. Rf5 $18 {After this even I can not
blunder!} b4 (57... Kb6 58. Kh8 Rxg7 59. Kxg7 Ka5 60. Kf6 (60. Rf8 b4 61. Kf6
b3 62. Ke5 Kb4 63. Kd4 b2 64. Rb8+ Ka3 65. Kc3 $18) 60... Kb4 61. Ke5 Kc4 62.
Ke4 (62. Rf4+ Kc3 63. Kd5 b4 64. Rf3+ $18) 62... b4 63. Rf8 Kc3 64. Ke3 $18 (
64. Rc8+ Kd2 65. Rb8 Kc3 66. Ke3 b3 67. Rc8+ $18)) 58. Kh8 1-0

[Event "Lasker Memorial"]
[Site "Berlin"]
[Date "2000.05.06"]
[Round "8"]
[White "Atalik, Suat"]
[Black "Rabiega, Robert"]
[Result "1/2-1/2"]
[WhiteElo "2575"]
[BlackElo "2477"]
[Annotator "Atalik,S"]
[PlyCount "51"]
[EventDate "2000.04.29"]
[EventType "tourn"]
[EventRounds "9"]
[EventCountry "GER"]
[EventCategory "9"]
[SourceTitle "EXT 2002"]
[Source "ChessBase"]
[SourceDate "2001.11.25"]
[SourceVersion "1"]
[SourceVersionDate "2001.11.25"]
[SourceQuality "1"]

1. d4 d5 2. c4 e6 3. Nf3 Nf6 4. Nc3 Nbd7 5. cxd5 exd5 6. Bf4 c6 7. Qc2 Nh5 8.
Bg5 Be7 9. Bxe7 Qxe7 10. g3 $5 g6 11. Bg2 O-O 12. O-O Nb6 13. Rad1 Bf5 14. Qc1
Nc4 15. Nh4 Be6 16. e4 dxe4 17. Nxe4 (17. d5 $6 cxd5 18. Nxd5 Bxd5 19. Rxd5
Rac8) 17... Nd6 18. Nc3 (18. Qc5 Rfd8 19. Rfe1 Ng7 $11 (19... Bxa2 $2 20. Nxd6
Qxd6 21. Re8+ $18)) 18... Rac8 19. d5 $5 (19. Rfe1 $5 Qf6 20. Re5) 19... cxd5
20. Qe3 (20. Bxd5 Nb5 21. Qe3 $11) 20... Nc4 21. Nxd5 $6 (21. Qxa7 Nxb2 22.
Nxd5 Qc5 23. Qxc5 Rxc5 24. Ne7+ Kg7 25. Rb1 Nd3 $11) (21. Qe2 $2 Nf4) 21...
Qxh4 $1 22. gxh4 $8 (22. Qh6 $2 Qd8 23. Nf4 Qe7 $19) 22... Nxe3 23. fxe3 Kg7
24. Bf3 Rfd8 25. Nc3 $1 Nf6 26. Rd4 $1 (26. Rd4 Rxd4 (26... Re8 27. Ra4 Bc4 28.
Re1 Ba6 29. Rd4 $11) 27. exd4 b5 (27... Rd8 28. Rd1 Bd5 29. Kf2 $11) 28. Nxb5
Rb8 29. Nxa7 Rxb2 30. Rf2 $11) 1/2-1/2

[Event "Olympiad-36"]
[Site "Mallorca"]
[Date "2004.10.25"]
[Round "10"]
[White "Bu, Xiangzhi"]
[Black "Atalik, Suat"]
[Result "1-0"]
[WhiteElo "2615"]
[BlackElo "2541"]
[Annotator "Atalik,S"]
[PlyCount "115"]
[EventDate "2004.10.15"]
[EventType "team-swiss"]
[EventRounds "14"]
[EventCountry "ESP"]
[SourceTitle "CBM 104"]
[Source "ChessBase"]
[SourceDate "2005.01.27"]
[SourceVersion "1"]
[SourceVersionDate "2005.01.27"]
[SourceQuality "1"]
[WhiteTeam "China"]
[BlackTeam "Bosnia&Herzegovina"]
[WhiteTeamCountry "CHN"]
[BlackTeamCountry "BIH"]

1. d4 Nf6 2. c4 e6 3. Nc3 d5 {A strange choice against the Chinese.} 4. cxd5
exd5 5. Bg5 c6 6. e3 Bf5 $6 {I am not very happy about this line anymore. It
gives black some rotten endgame. Before this game I have always tought that
the ending contains mutual chances for players.} 7. Qf3 Bg6 8. Bxf6 Qxf6 9.
Qxf6 gxf6 10. Nf3 $1 {This is one of the best lines. After the travel of the
knight to h4 white will try to squeeze black around f5 square either by g3,Bh3
or by f4-f5.} (10. Kd2 $6 {It seems like only this move gives black a normal
game!} Nd7 11. Bd3 Nb6 12. b3 Ba3 $1 $132) 10... Nd7 {I am reluctant to
develop the bishop first.} (10... Be7 $5 {This is GM Balashov's recipe.}) 11.
g3 (11. Nh4 {Threatens f4 and then f5 so no time for another move.} Be7 (11...
Nb6 $2 12. f4) 12. g3 Nb6 13. f3 a5 14. Kf2 a4 $132 {Gustafsson-I.Sokolov,
Amsterdam(open)2001.}) 11... a5 $1 $146 {Since he has omitted Nh4 I have felt
the luxury to insert this move in.} (11... Nb6 12. Nd2 $14 {is seen before.})
12. Nh4 a4 13. a3 (13. f4 $2 a3 14. b3 Bb4 15. Kd2 Be4 $36) 13... Be7 (13...
Nb6 $2 14. f4) 14. Bh3 Nb6 15. f4 $1 (15. O-O-O Nc4 16. Rhe1 Nd6 17. f3 f5 $11
{and he can not get e4 in.}) (15. Nf5 Nc4 16. O-O-O Nd6 (16... Bxf5 $2 17. Bxf5
Nd6 18. g4 Nxf5 19. gxf5 $16) 17. Nxe7 Kxe7 $14 {looks ok to me.}) 15... Bc2 {
So my bishop has found an haven which makes the point of early a pawn pushes.}
(15... Rg8 $2 16. f5 Bh5 17. Bf1 Kd7 18. Kf2 $18) 16. Kd2 Bb3 17. Bf1 $1 (17.
Rae1 $6 Nc4+ 18. Kc1 b5 $1 (18... Nd6 $2 19. e4 dxe4 (19... Nxe4 20. Nf5 Kf8
21. Bg2 $16) 20. Nf5 Rd8 21. Nxd6+ $1 (21. Nxe7 Kxe7 22. Nxe4 Nxe4 23. Rxe4+
Kd6 24. Rhe1 Kc7 25. Re7+ Kb6 $11) 21... Rxd6 22. Rxe4 Kf8 23. Rhe1 Bd8 24. Nd1
$1 Ba5 25. Re8+ Kg7 26. Ne3 $1 Rxe8 27. Nf5+ Kf8 28. Rxe8+ Kxe8 29. Nxd6+ Ke7
30. Nxb7 Bb6 31. Nc5 Kd6 32. Bf5 h6 33. Bc2 Bxc5 34. dxc5+ Kxc5 35. Bxb3 axb3
36. Kd2 Kd4 37. f5 $18) 19. e4 b4 20. axb4 (20. exd5 bxc3 21. Nf5 cxb2+ 22. Kb1
Nxa3+ 23. Kxb2 Bxd5 24. Rxe7+ Kf8 $17) 20... Bxb4 21. exd5+ Kd8 $1 22. Bf1 (22.
dxc6 $6 a3 23. c7+ Kxc7 24. Nb5+ Kb6 25. Nxa3 Nxa3 26. bxa3 Rxa3 $40) 22...
cxd5 23. Bxc4 Bxc4 $40) (17. Rhe1 Nc4+ 18. Kc1 {Blocks Ra1 so it is not
looking natural.}) 17... O-O 18. Nf5 Rfe8 19. Bd3 {White still does have an
edge but it is not that big since he also has some weaknesses.} Nc8 20. e4 $5 {
This was a surprise to me since it weakens d4 as well. However the slant eyed
commie bastard had plans to blast open the center.} (20. g4 Nd6 21. Nxd6 Bxd6
$14) 20... dxe4 21. Nxe4 Bd8 22. Rae1 Kf8 23. Re3 Ba5+ 24. Kc1 Bd5 25. Rd1 Bxe4
26. Rxe4 Rd8 {After a lot of forced moves the smoke has cleared and the only
problem for black turns out to be his weak queenside!} 27. Bc2 $1 (27. Re2 $6
Nd6 28. Nxd6 Rxd6 29. Bxh7 Bb6 30. Re4 Rad8 31. d5 Rxd5 32. Rxd5 Rxd5 {is more
than ok for black.}) 27... Nd6 28. Nxd6 Rxd6 29. d5 $1 (29. Bxa4 $2 Rad8 30.
Bc2 h6 31. Re2 Rxd4 32. Rxd4 Rxd4 $11) 29... b5 $1 30. dxc6 Rxc6 $14 {So far
black has defended excellently.} 31. Kb1 Rac8 32. Re2 $1 h6 $1 {Too early to
open my 7th rank.} (32... Re6 $2 33. Rxe6 fxe6 34. Rd7 $1 (34. Bxh7 $5 f5 35.
Bg6 Ke7 36. h4 b4 37. axb4 Bxb4 38. h5 Bd6 $16) 34... Rc7 35. Rxc7 Bxc7 36. Bd3
$1 (36. Bxh7 f5 37. Bg6 Bb6 38. Bh5 Bg1 39. h3 Bh2 40. g4 Ke7 41. gxf5 exf5 42.
Be2 b4 43. axb4 Bxf4 44. Ka2 Kf6 45. h4 Ke5 46. Ka3 Kd6 47. Kxa4 Kc6 48. Bd3
Bg3 49. h5 f4 50. Be4+ Kb6 51. h6 Bh4 52. h7 Bf6 53. Kb3 Kb5 54. Bd3+ Kc6 55.
Kc2 Kd5 56. b5 $18) 36... b4 37. axb4 Bb6 38. Bxh7 f5 39. Bg6 (39. h3 $2 Kg7
40. Bxf5 exf5 41. Ka2 Kf6 42. Ka3 Bf2 43. g4 Be3 44. gxf5 Kxf5 45. Kxa4 Kxf4
46. Kb5 Kg3 47. Ka6 Kxh3 48. b5 Kg4 49. b6 Kf5 50. b7 Bf4 51. Ka7 Ke4 52. b4
Kd5 53. b5 Kc5 $11) 39... Bg1 40. h3 Bh2 41. g4 fxg4 42. hxg4 Bxf4 43. Bc2 $18)
33. Rd7 R6c7 34. Bf5 Rxd7 35. Bxd7 Rb8 36. Ka2 Bc7 37. Rd2 Rd8 $5 {Another
move showing some defensive skills.} (37... Ke7 $2 38. Bc6 Bd6 39. Rd5 b4 40.
Rd3 $1 (40. Bxa4 $2 Ra8 41. Kb3 bxa3 42. bxa3 Ra7 43. Rb5 (43. Rh5 Kf8) 43...
Kf8 44. Rb6 Ke7 45. Rc6 Rb7+ 46. Ka2 Ra7 47. Rc4 f5 $11) 40... f5 41. Bxa4 Ra8
42. Bd1 $18) (37... h5 $5 {was also good.} 38. Rd5 Rd8 39. Rd3 b4 40. axb4 Bb6
41. Bb5 Rxd3 42. Bxd3 Bg1 43. h3 Bh2 $11) 38. Rd3 b4 39. axb4 Ke7 40. Bb5 Rxd3
41. Bxd3 Bb6 $4 {Of course I have seen the idea but played too fast for some
unexplainable reason and forgot about his next namely 42.f5!} (41... f5 42.
Bxf5 Bb6 43. Ka3 Bg1 44. h3 Bh2 45. g4 Bxf4 46. Kxa4 Kd6 47. b5 Kc7 48. Ka5 Be3
49. Be4 f6 $11 {and now my kingside can protect itself even without the help
of my king.} 50. Kb4 Kb6 51. Kc4 Bg5 52. Bd3 Bf4 53. Kd5 Bg5 54. Ke6 Bh4 55.
Kf5 Bg5 56. Kg6 Kc7 57. Kh5 Kb6 58. h4 Bd2 59. Kg6 Be1 60. h5 Bd2 61. Kxf6 Bg5+
$11 {is a draw.}) 42. f5 $1 $18 Kd6 {I can not construct a barricade on the
kingside like in the other line when he has an extra h pawn. Besides double b
pawns helps him to give one of them on time.} (42... Bg1 43. h3 Bh2 44. g4 Bg3
45. Ka3 Kd6 46. Kxa4 Kc6 47. Bc4 Kb6 48. Bxf7 Kc6 49. Be8+ Kb6 50. Kb3 Kc7 51.
Kc4 Kd6 52. Kb5 Be1 (52... Kc7 53. Ka6 Be1 54. b5 Bf2 55. b6+ Bxb6 56. h4 Bf2
57. g5 fxg5 58. hxg5 hxg5 59. Bh5 Kd6 60. b4 Ke5 61. Bg4 $18) 53. Bc6 Bd2 54.
Bf3 Be1 55. Bg2 Bd2 56. h4 Be1 57. g5 fxg5 58. hxg5 hxg5 59. Bh3 $18) 43. Ka3
Bd4 44. Bc2 Ke5 45. Kxa4 Bxb2 46. Kb5 Bd4 (46... Kd4 47. Bb3 Kc3 48. Ka4 Bc1
49. Bxf7 $18) (46... Kd6 47. Kb6 Bd4+ 48. Kb7 Bg1 49. h3 h5 50. b5 Bf2 51. b6
Bxg3 52. Bd1 h4 53. Kc8 Ke5 54. Bg4 $18) 47. Kc6 Bg1 48. h3 Bh2 49. g4 Kf4 50.
Bb3 $1 {He is in time to anchore his bishop on h5.} h5 (50... Kg3 51. Bxf7 Kxh3
52. Bh5 $18) 51. Bxf7 hxg4 (51... h4 52. Be6 Kg3 53. g5) 52. hxg4 Kxg4 53. Be6
Kf4 54. b5 $18 {and black's king is very far away.} Ke4 55. b6 Kd4 56. b7 Bb8
57. Kd7 Kc5 58. Kc8 1-0